<?xml version="1.0" encoding="UTF-8"?>
<record
    xmlns:xsi="http://www.w3.org/2001/XMLSchema-instance"
    xsi:schemaLocation="http://www.loc.gov/MARC21/slim http://www.loc.gov/standards/marcxml/schema/MARC21slim.xsd"
    xmlns="http://www.loc.gov/MARC21/slim">

  <leader>01046nam2a22002891  4500</leader>
  <controlfield tag="001">rc\3148432</controlfield>
  <controlfield tag="005">20250530083618.0</controlfield>
  <datafield tag="021" ind1=" " ind2=" ">
    <subfield code="a">RU</subfield>
    <subfield code="b">[76-100352]</subfield>
  </datafield>
  <datafield tag="035" ind1=" " ind2=" ">
    <subfield code="a">(NLR Aleph) 007320992</subfield>
  </datafield>
  <datafield tag="090" ind1=" " ind2=" ">
    <subfield code="a">5909608</subfield>
    <subfield code="c">5909608</subfield>
  </datafield>
  <datafield tag="100" ind1=" " ind2=" ">
    <subfield code="a">20120615d1976    |||y0rusy50      ca</subfield>
  </datafield>
  <datafield tag="101" ind1="0" ind2=" ">
    <subfield code="a">rus</subfield>
  </datafield>
  <datafield tag="102" ind1=" " ind2=" ">
    <subfield code="a">RU</subfield>
  </datafield>
  <datafield tag="105" ind1=" " ind2=" ">
    <subfield code="a">a   z   |||||</subfield>
  </datafield>
  <datafield tag="200" ind1="1" ind2=" ">
    <subfield code="a">&#x41A;&#x43E;&#x44D;&#x444;&#x444;&#x438;&#x446;&#x438;&#x435;&#x43D;&#x442; &#x44D;&#x43A;&#x440;&#x430;&#x43D;&#x438;&#x440;&#x43E;&#x432;&#x430;&#x43D;&#x438;&#x44F;</subfield>
    <subfield code="f">&#x42E;.&#x412;. &#x41D;&#x438;&#x43A;&#x438;&#x442;&#x435;&#x43D;&#x43A;&#x43E;, &#x42E;.&#x412;. &#x422;&#x430;&#x440;&#x430;&#x43D;</subfield>
  </datafield>
  <datafield tag="210" ind1=" " ind2=" ">
    <subfield code="d">1976</subfield>
    <subfield code="a">&#x411;. &#x43C;.</subfield>
  </datafield>
  <datafield tag="215" ind1=" " ind2=" ">
    <subfield code="a">20 &#x441;.</subfield>
    <subfield code="c">&#x438;&#x43B;.</subfield>
    <subfield code="d">21</subfield>
  </datafield>
  <datafield tag="225" ind1="1" ind2=" ">
    <subfield code="a">...</subfield>
    <subfield code="v">&#x420;13-10068</subfield>
  </datafield>
  <datafield tag="320" ind1=" " ind2=" ">
    <subfield code="a">&#x421;&#x43F;&#x438;&#x441;&#x43E;&#x43A; &#x43B;&#x438;&#x442;.: &#x441;. 19-20 (12 &#x43D;&#x430;&#x437;&#x432;.)</subfield>
  </datafield>
  <datafield tag="461" ind1=" " ind2="0">
    <subfield code="1">001rc\3148429</subfield>
    <subfield code="1">2001#$a&#x41F;&#x44F;&#x442;&#x438;&#x441;&#x43B;&#x43E;&#x439;&#x43D;&#x44B;&#x439; &#x444;&#x435;&#x440;&#x440;&#x43E;&#x43C;&#x430;&#x433;&#x43D;&#x438;&#x442;&#x43D;&#x44B;&#x439; &#x44D;&#x43A;&#x440;&#x430;&#x43D; &#x43E;&#x431;&#x44A;&#x435;&#x43C;&#x43E;&#x43C; 1,5 &#x43C;&#xB3;$v3</subfield>
    <subfield code="9">5909577</subfield>
    <subfield code="c">&#x414;&#x443;&#x431;&#x43D;&#x430;</subfield>
    <subfield code="d">1975</subfield>
    <subfield code="n">&#x41E;&#x418;&#x42F;&#x418;</subfield>
    <subfield code="t">&#x41F;&#x44F;&#x442;&#x438;&#x441;&#x43B;&#x43E;&#x439;&#x43D;&#x44B;&#x439; &#x444;&#x435;&#x440;&#x440;&#x43E;&#x43C;&#x430;&#x433;&#x43D;&#x438;&#x442;&#x43D;&#x44B;&#x439; &#x44D;&#x43A;&#x440;&#x430;&#x43D; &#x43E;&#x431;&#x44A;&#x435;&#x43C;&#x43E;&#x43C; 1,5 &#x43C;&#xB3;</subfield>
    <subfield code="v">3</subfield>
  </datafield>
  <datafield tag="700" ind1=" " ind2="1">
    <subfield code="a">&#x41D;&#x438;&#x43A;&#x438;&#x442;&#x435;&#x43D;&#x43A;&#x43E;</subfield>
    <subfield code="b">&#x42E;.&#x412;.</subfield>
  </datafield>
  <datafield tag="701" ind1=" " ind2="1">
    <subfield code="a">&#x422;&#x430;&#x440;&#x430;&#x43D;</subfield>
    <subfield code="b">&#x42E;.&#x412;.</subfield>
  </datafield>
  <datafield tag="801" ind1=" " ind2="0">
    <subfield code="a">RU</subfield>
    <subfield code="b">NLR</subfield>
    <subfield code="g">psbo</subfield>
  </datafield>
  <datafield tag="801" ind1=" " ind2="1">
    <subfield code="a">RU</subfield>
    <subfield code="b">ELAR</subfield>
    <subfield code="2">rusmarc</subfield>
  </datafield>
  <datafield tag="852" ind1=" " ind2=" ">
    <subfield code="a">NLR</subfield>
    <subfield code="j">&#x41F;11/2061</subfield>
  </datafield>
  <datafield tag="942" ind1=" " ind2=" ">
    <subfield code="c">BOOK</subfield>
  </datafield>
  <datafield tag="980" ind1=" " ind2=" ">
    <subfield code="a">NB</subfield>
  </datafield>
  <datafield tag="995" ind1=" " ind2=" ">
    <subfield code="5">2013-10-26</subfield>
    <subfield code="b">NLR01</subfield>
    <subfield code="c">NLR01</subfield>
    <subfield code="e">RJF</subfield>
    <subfield code="f">7320992-10</subfield>
    <subfield code="k">&#x41F;11/2061</subfield>
    <subfield code="o">0</subfield>
    <subfield code="r">BOOK</subfield>
    <subfield code="s">112061_</subfield>
  </datafield>
</record>
